000 01320nam0a2200301 4500
001 RU\NLR\bibl\1739795
005 20250616112239.0
010 _a978-5-985450-144-6
_9270
021 _aRU
_b2011-5728
_9392
035 _a(NLR Aleph) 001730718
090 _a1397809
_c1397809
100 _a20110224d2010 |||y0rusy50 ca
101 0 _arus
102 _aRU
105 _aa |||||||||
200 1 _aТеория экономического анализа
_eучебно-методическое пособие
_fА.А. Вехорева
_gФил. Гос. образоват. учреждения высш. проф. образования, Всерос. заоч. фин.-экон. ин-та в г. Архангельске
210 _aАрхангельск
_cКИРА
_d2010
215 _a89, [1] с.
_cил.
_d20
320 _aБиблиогр.: с. 84
606 1 _aЭкономический анализ
_jУчебно-методические пособия для высших учебных заведений
_xТеория
_92084928
_3RU\NLR\auth\661261027
686 _aУ053я73
700 1 _aВехорева
_bА. А.
_gАлла Алексеевна
_4070
801 0 _aRU
_bNLR
_c20110224
_gRCR
801 1 _aRU
_bNLR
_c20110224
830 _aавт. по кн.
942 _cBOOK
980 _aNB